<?xml version="1.0" encoding="UTF-8"?>
<resp>
  <nextPage>https://data.bn.org.pl/api/networks/bibs.marcxml?marc=001+b0000010534478&amp;sinceId=10534479</nextPage>
  <collection>
    <record xmlns='http://www.loc.gov/MARC21/slim'><leader>05471cam a2201369 i 4500</leader><controlfield tag='001'>b0000010534478</controlfield><controlfield tag='005'>20260314082129.9</controlfield><controlfield tag='008'>030822s1993    pl           |000 f pol c</controlfield><controlfield tag='009'>9910824742405606</controlfield><datafield ind1=' ' ind2=' ' tag='015'><subfield code='a'>UWD 2020/33187</subfield></datafield><datafield ind1=' ' ind2=' ' tag='020'><subfield code='a'>8385348557</subfield><subfield code='q'>(oprawa twarda)</subfield></datafield><datafield ind1=' ' ind2=' ' tag='035'><subfield code='a'>19772-48omnis_uja</subfield></datafield><datafield ind1=' ' ind2=' ' tag='035'><subfield code='a'>(UJ)vtls000019772</subfield></datafield><datafield ind1=' ' ind2=' ' tag='035'><subfield code='a'>zz2003983313</subfield></datafield><datafield ind1=' ' ind2=' ' tag='035'><subfield code='a'>(OCoLC)1241628138</subfield></datafield><datafield ind1=' ' ind2=' ' tag='035'><subfield code='a'>(PL)b0000010534478</subfield></datafield><datafield ind1=' ' ind2=' ' tag='040'><subfield code='a'>KR U</subfield><subfield code='c'>KR U</subfield><subfield code='d'>WA N</subfield></datafield><datafield ind1='1' ind2=' ' tag='041'><subfield code='a'>pol</subfield><subfield code='h'>eng</subfield></datafield><datafield ind1=' ' ind2=' ' tag='046'><subfield code='k'>1975</subfield></datafield><datafield ind1=' ' ind2=' ' tag='080'><subfield code='a'>821.111-3</subfield></datafield><datafield ind1=' ' ind2=' ' tag='084'><subfield code='a'>06</subfield></datafield><datafield ind1='1' ind2=' ' tag='100'><subfield code='a'>James, P. D.</subfield><subfield code='d'>(1920-2014)</subfield><subfield code='e'>Autor</subfield></datafield><datafield ind1='1' ind2='0' tag='240'><subfield code='a'>Black tower</subfield><subfield code='l'>(pol.)</subfield></datafield><datafield ind1='1' ind2='0' tag='245'><subfield code='a'>Czarna wieża /</subfield><subfield code='c'>P. D. James ; przełożył z angielskiego Zbigniew Białas.</subfield></datafield><datafield ind1='1' ind2=' ' tag='246'><subfield code='i'>Tytuł oryginału:</subfield><subfield code='a'>Black tower,</subfield><subfield code='f'>1975</subfield></datafield><datafield ind1=' ' ind2=' ' tag='250'><subfield code='a'>Wydanie pierwsze.</subfield></datafield><datafield ind1=' ' ind2=' ' tag='260'><subfield code='a'>Katowice :</subfield><subfield code='b'>Wydawnictwo &quot;Książnica&quot;,</subfield><subfield code='c'>1993.</subfield></datafield><datafield ind1=' ' ind2=' ' tag='300'><subfield code='a'>293, [3] strony ;</subfield><subfield code='c'>22 cm.</subfield></datafield><datafield ind1=' ' ind2=' ' tag='336'><subfield code='a'>Tekst</subfield><subfield code='b'>txt</subfield><subfield code='2'>rdacontent</subfield></datafield><datafield ind1=' ' ind2=' ' tag='337'><subfield code='a'>Bez urządzenia pośredniczącego</subfield><subfield code='b'>n</subfield><subfield code='2'>rdamedia</subfield></datafield><datafield ind1=' ' ind2=' ' tag='338'><subfield code='a'>Wolumin</subfield><subfield code='b'>nc</subfield><subfield code='2'>rdacarrier</subfield></datafield><datafield ind1=' ' ind2=' ' tag='380'><subfield code='a'>Książki</subfield></datafield><datafield ind1=' ' ind2=' ' tag='380'><subfield code='a'>Proza</subfield></datafield><datafield ind1=' ' ind2=' ' tag='386'><subfield code='m'>Przynależność kulturowa</subfield><subfield code='a'>Literatura angielska</subfield></datafield><datafield ind1='1' ind2=' ' tag='388'><subfield code='a'>1901-2000</subfield></datafield><datafield ind1='1' ind2=' ' tag='388'><subfield code='a'>1945-1989</subfield></datafield><datafield ind1=' ' ind2=' ' tag='500'><subfield code='a'>Tytuł oryginału: The black tower.</subfield></datafield><datafield ind1='0' ind2='7' tag='600'><subfield code='a'>Adam Dalgliesh</subfield><subfield code='c'>(postać fikcyjna)</subfield><subfield code='2'>DBN</subfield></datafield><datafield ind1=' ' ind2='7' tag='650'><subfield code='a'>Hospicja</subfield><subfield code='2'>DBN</subfield></datafield><datafield ind1=' ' ind2='7' tag='650'><subfield code='a'>Pastorzy</subfield><subfield code='2'>DBN</subfield></datafield><datafield ind1=' ' ind2='7' tag='650'><subfield code='a'>Policjanci i policjantki</subfield><subfield code='2'>DBN</subfield></datafield><datafield ind1=' ' ind2='7' tag='650'><subfield code='a'>Zabójstwo seryjne</subfield><subfield code='2'>DBN</subfield></datafield><datafield ind1=' ' ind2='7' tag='651'><subfield code='a'>Dorset (Wielka Brytania ; hrabstwo)</subfield><subfield code='2'>DBN</subfield></datafield><datafield ind1=' ' ind2='7' tag='655'><subfield code='a'>Kryminał</subfield><subfield code='2'>DBN</subfield></datafield><datafield ind1=' ' ind2='7' tag='655'><subfield code='a'>Powieść</subfield><subfield code='2'>DBN</subfield></datafield><datafield ind1='1' ind2=' ' tag='700'><subfield code='a'>Białas, Zbigniew</subfield><subfield code='d'>(1960- )</subfield><subfield code='e'>Tłumaczenie</subfield></datafield><datafield ind1='2' ind2=' ' tag='710'><subfield code='a'>Wydawnictwo &quot;Książnica&quot;</subfield><subfield code='e'>Wydawca</subfield><subfield code='4'>pbl</subfield></datafield><datafield ind1=' ' ind2=' ' tag='852'><subfield code='b'>48OMNIS_UOP</subfield><subfield code='8'>990000135420108206</subfield></datafield><datafield ind1=' ' ind2=' ' tag='852'><subfield code='8'>2211644060007769</subfield><subfield code='j'>0</subfield><subfield code='b'>SKI_1_F2</subfield><subfield code='p'>200042997000</subfield><subfield code='c'>7</subfield></datafield><datafield ind1=' ' ind2=' ' tag='852'><subfield code='8'>2224252080007766</subfield><subfield code='j'>1</subfield><subfield code='b'>F2_ZAM_1</subfield><subfield code='p'>10200442</subfield><subfield code='c'>ZAM1_F2_M</subfield><subfield code='z'>22485F2</subfield></datafield><datafield ind1=' ' ind2=' ' tag='852'><subfield code='b'>48OMNIS_UMCS</subfield><subfield code='8'>991007173449707661</subfield></datafield><datafield ind1=' ' ind2=' ' tag='852'><subfield code='8'>2213507050007767</subfield><subfield code='j'>1</subfield><subfield code='b'>BGOZ</subfield><subfield code='p'>A302687</subfield><subfield code='c'>BGOZ</subfield></datafield><datafield ind1=' ' ind2=' ' tag='852'><subfield code='8'>2224914190007770</subfield><subfield code='j'>1</subfield><subfield code='b'>TOM_1_F2</subfield><subfield code='p'>300019939000</subfield><subfield code='c'>U</subfield></datafield><datafield ind1=' ' ind2=' ' tag='852'><subfield code='8'>2211110210008003</subfield><subfield code='j'>1</subfield><subfield code='b'>LOW_3_1</subfield><subfield code='p'>350016809000</subfield><subfield code='c'>LOW_3_1_1</subfield></datafield><datafield ind1=' ' ind2=' ' tag='852'><subfield code='8'>22486004240005067</subfield><subfield code='j'>1</subfield><subfield code='h'>A 223808 II</subfield><subfield code='b'>BJ</subfield><subfield code='p'>1000020296</subfield><subfield code='c'>BJ_EGZ_A</subfield></datafield><datafield ind1=' ' ind2=' ' tag='852'><subfield code='b'>48OMNIS_MPL</subfield><subfield code='8'>991000485989705069</subfield></datafield><datafield ind1=' ' ind2=' ' tag='852'><subfield code='8'>22867903160008836</subfield><subfield code='j'>1</subfield><subfield code='b'>WBPL</subfield><subfield code='p'>230000126979</subfield><subfield code='c'>DUZIM_MG</subfield></datafield><datafield ind1=' ' ind2=' ' tag='852'><subfield code='8'>228901040007773</subfield><subfield code='j'>1</subfield><subfield code='b'>WIE_1_BG</subfield><subfield code='p'>550100013000</subfield><subfield code='c'>4</subfield></datafield><datafield ind1=' ' ind2=' ' tag='852'><subfield code='b'>48OMNIS_TOM</subfield><subfield code='8'>991001832919607770</subfield></datafield><datafield ind1=' ' ind2=' ' tag='852'><subfield code='8'>228824770007768</subfield><subfield code='j'>0</subfield><subfield code='b'>KUT_1_BG</subfield><subfield code='p'>164386</subfield><subfield code='c'>6300</subfield></datafield><datafield ind1=' ' ind2=' ' tag='852'><subfield code='b'>48OMNIS_NETWORK</subfield><subfield code='8'>9910824742405606</subfield></datafield><datafield ind1=' ' ind2=' ' tag='852'><subfield code='b'>48OMNIS_AGH</subfield><subfield code='8'>991002041349708832</subfield></datafield><datafield ind1=' ' ind2=' ' tag='852'><subfield code='8'>22757172470008415</subfield><subfield code='j'>1</subfield><subfield code='b'>KP</subfield><subfield code='p'>000032356892</subfield><subfield code='c'>CN</subfield><subfield code='z'>N191424</subfield></datafield><datafield ind1=' ' ind2=' ' tag='852'><subfield code='b'>48OMNIS_NLOP</subfield><subfield code='8'>991052741503405066</subfield></datafield><datafield ind1=' ' ind2=' ' tag='852'><subfield code='b'>48OMNIS_KPS</subfield><subfield code='8'>990001025480208415</subfield></datafield><datafield ind1=' ' ind2=' ' tag='852'><subfield code='b'>48OMNIS_MBP</subfield><subfield code='8'>990001052210207662</subfield></datafield><datafield ind1=' ' ind2=' ' tag='852'><subfield code='b'>48OMNIS_UJA</subfield><subfield code='8'>991003556779705067</subfield></datafield><datafield ind1=' ' ind2=' ' tag='852'><subfield code='b'>48OMNIS_UMKWT</subfield><subfield code='8'>991000733629706926</subfield></datafield><datafield ind1=' ' ind2=' ' tag='852'><subfield code='8'>22486004260005067</subfield><subfield code='j'>1</subfield><subfield code='h'>B 96448 II</subfield><subfield code='b'>BJ</subfield><subfield code='p'>1000020297</subfield><subfield code='c'>BJ_MAG</subfield></datafield><datafield ind1=' ' ind2=' ' tag='852'><subfield code='b'>48OMNIS_UOW</subfield><subfield code='8'>991001431399708831</subfield></datafield><datafield ind1=' ' ind2=' ' tag='852'><subfield code='8'>221056825330008831</subfield><subfield code='j'>1</subfield><subfield code='h'>PR6060.A467 B5165 1993</subfield><subfield code='b'>5100-BUW</subfield><subfield code='p'>1000061030</subfield><subfield code='c'>10002</subfield><subfield code='z'>PR6060.A467 B5165 1993; ## rok wyd. : 1993.</subfield></datafield><datafield ind1=' ' ind2=' ' tag='852'><subfield code='b'>48OMNIS_WBPL</subfield><subfield code='8'>991001337669708836</subfield></datafield><datafield ind1=' ' ind2=' ' tag='852'><subfield code='b'>48OMNIS_SKI</subfield><subfield code='8'>991001041799707769</subfield></datafield><datafield ind1=' ' ind2=' ' tag='852'><subfield code='8'>2211644080007769</subfield><subfield code='j'>0</subfield><subfield code='b'>SKI_1_F1</subfield><subfield code='p'>100037783000</subfield><subfield code='c'>4</subfield></datafield><datafield ind1=' ' ind2=' ' tag='852'><subfield code='b'>48OMNIS_KUT</subfield><subfield code='8'>991000421319707768</subfield></datafield><datafield ind1=' ' ind2=' ' tag='852'><subfield code='b'>48OMNIS_ZAM</subfield><subfield code='8'>991003865573807766</subfield></datafield><datafield ind1=' ' ind2=' ' tag='852'><subfield code='8'>228824770007768</subfield><subfield code='j'>1</subfield><subfield code='b'>KUT_1_BG</subfield><subfield code='p'>164387</subfield><subfield code='c'>6300</subfield></datafield><datafield ind1=' ' ind2=' ' tag='852'><subfield code='b'>48OMNIS_WIE</subfield><subfield code='8'>991000464419707773</subfield></datafield><datafield ind1=' ' ind2=' ' tag='852'><subfield code='b'>48OMNIS_ZGI</subfield><subfield code='8'>991000155659607767</subfield></datafield><datafield ind1=' ' ind2=' ' tag='852'><subfield code='b'>48OMNIS_LOW</subfield><subfield code='8'>991000013649508003</subfield></datafield><datafield ind1=' ' ind2=' ' tag='852'><subfield code='8'>22783231630008832</subfield><subfield code='j'>1</subfield><subfield code='b'>AGHBG</subfield><subfield code='p'>1170002068</subfield><subfield code='c'>BB_MAG</subfield></datafield><datafield ind1=' ' ind2=' ' tag='852'><subfield code='8'>22117936380007661</subfield><subfield code='j'>1</subfield><subfield code='b'>10000</subfield><subfield code='p'>1000027186</subfield><subfield code='c'>U_BGmag</subfield></datafield><datafield ind1=' ' ind2=' ' tag='852'><subfield code='8'>22703509610005066</subfield><subfield code='j'>1</subfield><subfield code='h'>3.601.877</subfield><subfield code='b'>BN_PL</subfield><subfield code='p'>30001025760710</subfield><subfield code='c'>bk8</subfield><subfield code='z'>Księgozbiór Andrzeja Kratiuka.</subfield></datafield><datafield ind1=' ' ind2=' ' tag='852'><subfield code='8'>22643945420005066</subfield><subfield code='j'>1</subfield><subfield code='h'>3.135.424 A</subfield><subfield code='b'>BN_PL</subfield><subfield code='p'>30001029027123</subfield><subfield code='c'>bk1</subfield></datafield><datafield ind1=' ' ind2=' ' tag='852'><subfield code='b'>48OMNIS_OPO</subfield><subfield code='8'>9916411807907</subfield></datafield><datafield ind1=' ' ind2=' ' tag='852'><subfield code='8'>22108870390007662</subfield><subfield code='j'>0</subfield><subfield code='b'>57</subfield><subfield code='p'>F00082035</subfield><subfield code='c'>U57</subfield></datafield><datafield ind1=' ' ind2=' ' tag='852'><subfield code='8'>2287453310007662</subfield><subfield code='j'>0</subfield><subfield code='b'>22</subfield><subfield code='p'>4000720067</subfield><subfield code='c'>U22</subfield></datafield><datafield ind1=' ' ind2=' ' tag='852'><subfield code='8'>2287453330007662</subfield><subfield code='j'>0</subfield><subfield code='b'>06</subfield><subfield code='p'>4000311407</subfield><subfield code='c'>U06</subfield></datafield><datafield ind1=' ' ind2=' ' tag='852'><subfield code='8'>2287453350007662</subfield><subfield code='j'>0</subfield><subfield code='b'>04</subfield><subfield code='p'>4000579103</subfield><subfield code='c'>U04</subfield></datafield><datafield ind1=' ' ind2=' ' tag='852'><subfield code='8'>2287453370007662</subfield><subfield code='j'>0</subfield><subfield code='b'>02</subfield><subfield code='p'>4000350136</subfield><subfield code='c'>U02</subfield></datafield><datafield ind1=' ' ind2=' ' tag='852'><subfield code='8'>2287453270007662</subfield><subfield code='j'>0</subfield><subfield code='b'>32</subfield><subfield code='p'>4000825928</subfield><subfield code='c'>U32</subfield></datafield><datafield ind1=' ' ind2=' ' tag='852'><subfield code='8'>2287453290007662</subfield><subfield code='j'>0</subfield><subfield code='b'>27</subfield><subfield code='p'>4000465125</subfield><subfield code='c'>U27</subfield></datafield><datafield ind1=' ' ind2=' ' tag='852'><subfield code='8'>22108870390007662</subfield><subfield code='j'>0</subfield><subfield code='b'>57</subfield><subfield code='p'>4000827179</subfield><subfield code='c'>U57</subfield></datafield><datafield ind1=' ' ind2=' ' tag='852'><subfield code='8'>22108870390007662</subfield><subfield code='j'>0</subfield><subfield code='b'>57</subfield><subfield code='p'>F00005118</subfield><subfield code='c'>U57</subfield></datafield><datafield ind1=' ' ind2=' ' tag='852'><subfield code='8'>22108870390007662</subfield><subfield code='j'>0</subfield><subfield code='b'>57</subfield><subfield code='p'>F00076326</subfield><subfield code='c'>U57</subfield></datafield><datafield ind1=' ' ind2=' ' tag='852'><subfield code='8'>2287453250007662</subfield><subfield code='j'>0</subfield><subfield code='b'>47</subfield><subfield code='p'>4000817620</subfield><subfield code='c'>U47</subfield></datafield><datafield ind1=' ' ind2=' ' tag='852'><subfield code='8'>2211644100007769</subfield><subfield code='j'>1</subfield><subfield code='b'>SKI_1_MBP</subfield><subfield code='p'>000136148000</subfield><subfield code='c'>0</subfield></datafield><datafield ind1=' ' ind2=' ' tag='852'><subfield code='8'>2238128110005069</subfield><subfield code='j'>1</subfield><subfield code='h'>371433 II</subfield><subfield code='b'>LUBL_M</subfield><subfield code='p'>1000028585</subfield><subfield code='c'>10000</subfield><subfield code='z'>oprawa twarda</subfield></datafield><datafield ind1=' ' ind2=' ' tag='852'><subfield code='8'>22310540550006926</subfield><subfield code='j'>1</subfield><subfield code='h'>MG1_bg</subfield><subfield code='b'>TORU</subfield><subfield code='p'>300000488496</subfield><subfield code='c'>MG1_bg</subfield></datafield><datafield ind1=' ' ind2=' ' tag='852'><subfield code='8'>22827136820008206</subfield><subfield code='j'>1</subfield><subfield code='b'>UOP</subfield><subfield code='p'>000304242000</subfield><subfield code='c'>MAG01</subfield></datafield><datafield ind1=' ' ind2=' ' tag='920'><subfield code='a'>83-85348-55-7 (oprawa twarda)</subfield></datafield></record>
  </collection>
</resp>
